• 首页
  • 本馆介绍
  • 公告通知
  • 最新文献
  • 馆藏检索
  • 电子资源
  • 读者导购
  • 参考咨询
  • 我的图书馆
  • 登录
  • 详细信息显示
  • 放入我的书架
  • 预约/预借图书
  • 作者相关作品
  • 分类相关作品
  • 丛书相关作品
  • 出版社相关作品

书目信息

  • 表格格式
  • 工作单格式
  • 卡片格式
题名:
环境工程设计
    
 
作者: 赵立军 , 陈进富 主编
分册:  
出版信息: 北京   中国石化出版社  2021.2
页数: 162页
开本: 26cm
丛书名:
单 册:
中图分类: X505
科图分类:
主题词: 环境工程--设计--高等教育--教材 , 环境工程
电子资源:
ISBN: 978-7-5114-1903-3
000 00974nam0 2200265 45
001 012001000735
005 20140911173018.0
010    @a978-7-5114-1903-3@dCNY30.00
100    @a20130226d2013 em y0chiy50 ea
101 0  @achi
102    @aCN@b110000
105    @aa z 000yy
106    @ar
200 1  @a环境工程设计@Ahuan jing gong cheng she ji@b专著@f赵立军,陈进富主编
210    @a北京@c中国石化出版社@d2021.2
215    @a162页@c图@d26cm
300    @a普通高等教育“十二五”规划教材
330    @a本书从环境工程设计基础与设计过程、材料与设备、工程设计与制图三部分进行阐述,并始终以水污染治理工程设计为主线,再举一反三将设计知识应用到大气和固废治理工程中,使学生能够运用所学原理初步设计污染治理工程。
606 0  @a环境工程@x设计@x高等教育@j教材
606 0  @a环境工程
690    @aX505@v5
701  0 @a赵立军@Azhao li jun@f(1974 )@4主编
701  0 @a陈进富@Achen jin fu@f(1964 )@4主编
801  0 @aCN@bBJSDL@c20211011
905    @b1332058-60@dX505@e247@f3
    
    环境工程设计/赵立军,陈进富主编.-北京:中国石化出版社,2021.2
    162页:图;26cm
    普通高等教育“十二五”规划教材
    
    ISBN 978-7-5114-1903-3:CNY30.00
    本书从环境工程设计基础与设计过程、材料与设备、工程设计与制图三部分进行阐述,并始终以水污染治理工程设计为主线,再举一反三将设计知识应用到大气和固废治理工程中,使学生能够运用所学原理初步设计污染治理工程。
●
相关链接 在E读中查询图书 在五车中查询图书 在当当中查询图书 在豆瓣中查询图书


正题名:环境工程设计     索取号:X505/247         预约/预借

序号 登录号 条形码 馆藏地/架位号 状态 备注
1 1332058   213320583   第二样本阅览室/ [索取号:X505/247] 在馆    
2 1332059   213320592   第三借阅区/ [索取号:X505/247] 在馆    
3 1332060   213320609   第三借阅区/ [索取号:X505/247] 在馆    
唐山师范学院图书馆 欢迎您!
大连网信软件有限公司© 版权所有